000 00426cam a2200181ua 4500
020 _a0-7131-2907-7
041 _aeng
_h
082 _a635.9
_bSTR/PH
100 _aStreet, H E .
245 _aPhysiology of flowering plants /
_cH E Street.
_hTextual Documents
250 _a3 /
_b.
260 _a :
_bELBS ,
_c1983.
300 _a279 ; .
504 _a
700 1 _aOpic, Helgi .
942 _cBK
999 _c3276
_d3276